Working guide to drilling equipment and operations / (Record no. 13635)

MARC details
000 -LEADER
fixed length control field 00869nam a22001937a 4500
008 - FIXED-LENGTH DATA ELEMENTS--GENERAL INFORMATION
fixed length control field 100311t xxu||||| |||| 00| 0 eng d
020 ## - INTERNATIONAL STANDARD BOOK NUMBER
International Standard Book Number 9781856178433
082 ## - DEWEY DECIMAL CLASSIFICATION NUMBER
Edition number 22
Classification number 622.33819
Item number LYO
100 ## - MAIN ENTRY--PERSONAL NAME
Personal name Lyons, William C.
9 (RLIN) 12487
245 ## - TITLE STATEMENT
Title Working guide to drilling equipment and operations /
Statement of responsibility, etc William C. Lyons.
260 ## - PUBLICATION, DISTRIBUTION, ETC. (IMPRINT)
Place of publication, distribution, etc Amsterdam :
Name of publisher, distributor, etc Gulf Professional,
Date of publication, distribution, etc c.2010.
300 ## - PHYSICAL DESCRIPTION
Extent xiv, 602 p. :
Other physical details :ill. ;
Dimensions 23 cm.
500 ## - GENERAL NOTE
General note Includes bibliographical references and index.
500 ## - GENERAL NOTE
General note Formerly CIP.
650 ## - SUBJECT ADDED ENTRY--TOPICAL TERM
Topical term or geographic name as entry element Oil well drilling -- Equipment and supplies.
9 (RLIN) 12488
650 ## - SUBJECT ADDED ENTRY--TOPICAL TERM
Topical term or geographic name as entry element Gas well drilling -- Equipment and supplies.
9 (RLIN) 12489
942 ## - ADDED ENTRY ELEMENTS (KOHA)
Source of classification or shelving scheme Dewey Decimal Classification
Item type Book - Borrowing
Holdings
Withdrawn status Item status Source of classification or shelving scheme Damaged status Not for loan Vendor Home library Current library Shelving location Date acquired Source of acquisition Cost, normal purchase price Serial Enumeration / chronology Total Checkouts Total Renewals Full call number Barcode Date last seen Date last borrowed Koha item type
    Dewey Decimal Classification     Alahram Central Library Central Library First floor 11/03/2010   614.00 38 13 78 622.33819 LYO 000019831 15/07/2025 31/10/2016 Book - Borrowing